La alimentación del lactante y del niño pequeño (Registro nro. 1641)

Detalles MARC
000 -CABECERA
Longitud fija campo de control 00655nam a22001817a 4500
003 - IDENTIFICADOR DELl NÚMERO DE CONTROL
Identificador del número de control OSt
005 - FECHA Y HORA DE LA ÚLTIMA TRANSACCIÓN
Fecha y hora de la última transacción 20140808213003.0
008 - CÓDIGOS DE INFORMACIÓN DE LONGITUD FIJA
Códigos de información de longitud fija 130722b xxu||||| |||| 00| 0 eng d
040 ## - FUENTE DE LA CATALOGACIÓN
Centro catalogador de origen BMC
Centro transcriptor BMC
082 ## - NÚMERO DE LA CLASIFICACIÓN DECIMAL DEWEY
Númeroo de clasificación 613.20432
245 03 - MENCIÓN DE TÍTULO
Título La alimentación del lactante y del niño pequeño
Resto del título : capítulo modelo para libros de texto dirigidos a estudiantes de medicina y otras ciencias de la salud
260 ## - PUBLICACIÓN, DISTRIBUCIÓN, ETC. (PIE DE IMPRENTA)
Lugar de publicación, distribución, etc. Washington
Nombre del editor, distribuidor, etc. Organización Panamericana de la Salud
Fecha de publicación, distribución, etc. 2010
300 ## - DESCRIPCIÓN FÍSICA
Extensión 108 p.
Otras características físicas 28 cm
650 24 - PUNTO DE ACCESO ADICIONAL DE MATERIA - TÉRMINO DE MATERIA
9 (RLIN) 2741
Término de materia o nombre geográfico como elemento inicial Lactantes
Subdivisión de materia general Alimentación
650 24 - PUNTO DE ACCESO ADICIONAL DE MATERIA - TÉRMINO DE MATERIA
9 (RLIN) 2836
Término de materia o nombre geográfico como elemento inicial Niños
Subdivisión de materia general Alimentación
710 21 - PUNTO DE ACCESO ADICIONAL - NOMBRE DE ENTIDAD
9 (RLIN) 2838
Nombre de entidad o nombre de jurisdicción como elemento inicial Organización Panamericana de la Salud
942 ## - ENTRADA DE ELEMENTOS AGREGADOS (KOHA)
Fuente de clasificaión o esquema Dewey Decimal Classification
Koha [por defecto] tipo de item 1- Monografias
Existencias
Suprimido Perdido Fuente de clasificación o esquema Estropeado Restricciones de uso No para préstamo Código de colección Localización permanente Localización actual Localización en estanter&íacute;as Fecha adquisición Fuente de adquisición Número de inventario Préstamos totales Signatura completa Código de barras Fecha última consulta Coste, precio reemplazado Fecha del precio de reemplazo Tipo de item de Koha Fecha último préstamo
NULL NULL Dewey Decimal Classification NULL Prestable NULL NULL Biblioteca Centro Regional de Ilobasco Biblioteca Centro Regional de Ilobasco Sala Principal 16/06/2017 Donado por Tec. Ruth Verónica Zavaleta docente de Turismo UNICAES CRI LI003555   613.2 ALI 1041886 19/06/2017   19/06/2017 1- Monografias  
NULL NULL Dewey Decimal Classification NULL Prestable NULL NULL Biblioteca Miguel de Cervantes - UNICAES Biblioteca Miguel de Cervantes - UNICAES Sala Principal 23/07/2013 Donación - Facultad de Ciencias de la Salud 001970   613.2 ALI 1001970 23/07/2013 12.00 23/07/2013 1- Monografias  
NULL NULL Dewey Decimal Classification NULL Prestable NULL NULL Biblioteca Miguel de Cervantes - UNICAES Biblioteca Miguel de Cervantes - UNICAES Sala Principal 23/07/2013 Donación - Facultad de Ciencias de la Salud 001971 1 613.2 ALI 1001971 03/07/2019 12.00 23/07/2013 1- Monografias 03/07/2019
NULL NULL Dewey Decimal Classification NULL Prestable NULL NULL Biblioteca Miguel de Cervantes - UNICAES Biblioteca Miguel de Cervantes - UNICAES Sala Principal 23/07/2013 Donación - Facultad de Ciencias de la Salud 001972   613.2 ALI 1001972 23/07/2013 12.00 23/07/2013 1- Monografias  
NULL NULL Dewey Decimal Classification NULL Prestable NULL NULL Biblioteca Miguel de Cervantes - UNICAES Biblioteca Miguel de Cervantes - UNICAES Sala Principal 23/07/2013 Donación - Facultad de Ciencias de la Salud 001973   613.2 ALI 1001973 23/07/2013 12.00 23/07/2013 1- Monografias